00347nam a22001337a 4500020001800000082001400018100001400032245005500046260004200101300001000143650002000153650002500173650001500198 a9789349855847 aM3bJIS/R aJisa Jose aRoopathinte pusthakam rakshayudeyum/cby Jisa Jose aKozhikode:bMathrubhumi books,c2026. a415p. aNovel Malayalam aLiterature Malayalam aLiterature